| 000 | 00481nam a2200145 i 4500 | ||
|---|---|---|---|
| 001 | 73925 | ||
| 003 | ES-MaACL | ||
| 005 | 20230906171948.0 | ||
| 007 | t| | ||
| 008 | 040913s1915 cr ||||1| spa d | ||
| 100 | 1 |
_aGonzález, Alfredo. _958274 |
|
| 245 | 1 | 3 |
_aEl Poder Ejecutivo al Congreso constitucional _b: mensaje del presidente, 1º de mayo de 1915 / _cAlfredo González. |
| 260 |
_aSan José de Costa Rica : _b[s.n., _c1915] ( _fTip. Nacional) |
||
| 852 |
_aES-MaACL _jT-1476-f-2 |
||
| 999 |
_c73925 _d73925 |
||